| 000 | 00000nas 2200000za 4500 |
| 001 | 9.502567 |
| 003 | CaOODSP |
| 005 | 20230831102117 |
| 007 | cr ||||||||||| |
| 008 | 150406d20052007xxc|| p o||||f| |0fre|d |
| 040 | |aCaOODSP|bfre |
| 043 | |an-cn--- |
| 086 | 1 |aET1-2F-PDF |
| 245 | 00|aRapport annuel du commissaire à l'éthique sur les activités ayant trait aux titulaires de charge publique. |
| 264 | 1|aOttawa, Ontario : |bBureau du commissaire à l'éthique |
| 310 | |aAnnuel |
| 362 | 1 |aParaît depuis 2005; ne paraît plus après 2006/2007. |
| 710 | 1 |aCanada.|bBureau du commissaire à l'éthique, |eorganisme de publication. |
| 775 | 08|tAnnual report of the Ethics Commissioner on activities in relation to public office holders |w(CaOODSP)9.506162 |